000
00275nam a2200109Ia 4500
008
200302s9999 xx 000 0 und d
100
_a
Bart Jahn
245
_a
Residential Construction Problem Solver
260
_b
Tata Mcgraw-Hill Co. Inc.
260
_c
1998
300
_a
470 P.,
999
_c
1867
_d
1867